| 000 | 00774cam a2200241 a 4500 | ||
|---|---|---|---|
| 999 |
_c5771 _d5771 |
||
| 001 | 6207 | ||
| 003 | BD-DhUAP | ||
| 005 | 20210105100526.0 | ||
| 008 | 201221r20022000ii a b 001 0 eng | ||
| 020 | _a8120317076 | ||
| 040 |
_aDLC _cDLC _dBD-DhUAP _beng |
||
| 082 | 0 | 0 |
_a658.1511 HOR _223 |
| 100 | _aHorngren, Charles T. | ||
| 245 | 0 | 0 |
_aCost accounting : _ba managerial emphasis / _cCharles T. Horngren, George Foster and Srikant M. Datar. |
| 250 | _a10th ed. | ||
| 260 |
_aDelhi : _bPrentice Hall of India, _cc2000 [Reprinted 2002]. |
||
| 300 |
_axxii, 906 pages : _billustrations ; _c29 cm. |
||
| 504 | _aIncludes bibliographical references and indexes. | ||
| 650 | 0 | _aCost accounting. | |
| 700 | 1 | _aFoster, George. | |
| 700 | 1 | _aDatar, Srikant M. | |
| 942 |
_2ddc _cBK |
||